[Event "Peer Gynt"]
[Site "Gausdal"]
[Date "1988.??.??"]
[Round "?"]
[White "Jansa, Vlastimil"]
[Black "Mainka, Romuald"]
[Result "1-0"]
[WhiteElo "2470"]
[BlackElo "2420"]

1.e4 e5 2.Nf3 Nc6 3.Bb5 a6 4.Ba4 Nf6 5.O-O b5 6.Bb3 Bb7 7.d3 Be7 8.a4 d6
9.Nc3 Na5 10.axb5 Nxb3 11.cxb3 axb5 12.Rxa8 Bxa8 13.Nxb5 O-O 14.Bg5 h6 15.Bxf6 Bxf6
16.Nc3 Qb8 17.Qc2 Qb6 18.Ra1 Rb8 19.Nd2 Qc5 20.Ra4 Bh4 21.g3 Bd8 22.b4 Qc6
23.b5 Qe8 24.Nc4 Qe6 25.Ra7 c6 26.b6 d5 27.Qa4 dxc4 28.Rxa8 Qc8 29.Rxb8 Qxb8
30.Qxc6 Bxb6 31.Qxc4 Bd4 32.b4 Qa7 33.Qa2 Qd7 34.Nd5 Kh7 35.Kg2 f5  1-0

[Event "Groningen op"]
[Site "Groningen"]
[Date "1988.??.??"]
[Round "?"]
[White "Maier, Christian"]
[Black "Van de Oudeweetering, Arthur"]
[Result "1-0"]
[WhiteElo "2325"]
[BlackElo "2310"]

1.e4 e5 2.Nf3 Nc6 3.Bb5 a6 4.Ba4 Nf6 5.O-O b5 6.Bb3 Bb7 7.d3 Be7 8.Nc3 O-O
9.Nd5 Na5 10.Nxe7+ Qxe7 11.Re1 Nxb3 12.axb3 Rfe8 13.Bg5 h6 14.Bh4 Qe6 15.Bg3 d6
16.b4 g6 17.Qd2 Kh7 18.Re2 Nh5 19.d4 Nxg3 20.hxg3 exd4 21.Nxd4 Qf6 22.Rae1 Re7
23.f3 Rae8 24.c3 Re5 25.Qf4 Qg7 26.Kf2 f6 27.Nc2 Qe7 28.Qd2 Kg7 29.Ne3 h5
30.g4 hxg4 31.Nxg4 Rh5 32.Rd1 Bc8 33.Ne3 Bb7 34.Qd4 Kg8 35.Qa7 Bc6 36.Qxa6 Qd7
37.Qa7 Kf7 38.Qd4 Qe6 39.Ree1 Reh8 40.Nd5 Rh2 41.Nxc7 Qh3 42.Rg1 Rh5 43.Nd5 Bxd5
44.Qa7+ Kf8 45.Rxd5 Rxd5 46.Qa8+ Kg7 47.Qb7+ Kh8 48.Qxd5 Qh4+ 49.Ke3 Rh1
50.Rxh1 Qxh1 51.Qd2 Qg1+ 52.Kd3 Kg7 53.Kc2 Kf7 54.Qe2 Ke7 55.f4 Kd8 56.e5 fxe5
57.fxe5 d5 58.Qd2  1-0

[Event "Groningen op"]
[Site "Groningen"]
[Date "1988.??.??"]
[Round "?"]
[White "Visser, Yge"]
[Black "Polaczek, Richard"]
[Result "1-0"]
[WhiteElo "2295"]
[BlackElo "2280"]

1.e4 e5 2.Nf3 Nc6 3.Bb5 a6 4.Ba4 Nf6 5.O-O b5 6.Bb3 Bb7 7.d3 Be7 8.Nc3 O-O
9.Re1 d6 10.a4 Na5 11.Ba2 b4 12.Ne2 Nh5 13.c3 b3 14.Bxb3 Nxb3 15.Qxb3 Rb8
16.Qc2 f5 17.Ng3 Nxg3 18.hxg3 Qd7 19.b4 Rf7 20.Nh2 Rbf8 21.f3 d5 22.exf5 Qxf5
23.Be3 d4 24.Bd2 Qg6 25.cxd4 Qxg3 26.dxe5 Bxf3 27.Nxf3 Rxf3 28.Qc4+ Kh8 29.Qe4 Qf2+
30.Kh1 R8f5 31.Bg5 h6 32.Re2 Qg3 33.gxf3 Rxg5 34.Rh2 Bxb4 35.Rf1 Bd2 36.Qa8+ Kh7
37.Qe4+ Rg6 38.f4 Bc3 39.Qf3 Bd4 40.Qxg3 Rxg3 41.Re2 Kg8 42.e6 Kf8 43.e7+ Ke8
44.Re4 Rh3+ 45.Kg2 Rxd3 46.Rb1 Rd2+ 47.Kf3 Rb2 48.Rxb2 Bxb2 49.Rc4 Kxe7 50.Rxc7+ Kd6
51.Ra7 Kc5 52.Rxa6 Bc3 53.Kg4 Kb4 54.f5 Bd4 55.Kh5  1-0

[Event "FIN-ch"]
[Site "Helsinki"]
[Date "1988.??.??"]
[Round "5"]
[White "Ristoja, Thomas W"]
[Black "Rantanen, Yrjo A"]
[Result "1-0"]
[WhiteElo "2255"]
[BlackElo "2375"]

1.e4 e5 2.Nf3 Nc6 3.Bb5 a6 4.Ba4 Nf6 5.O-O b5 6.Bb3 Bb7 7.c3 Nxe4 8.d4 Na5
9.Bc2 exd4 10.b4 Nc4 11.Bxe4 Bxe4 12.Re1 d5 13.Nxd4 Kd7 14.Qg4+ f5 15.Nxf5 Bxf5
16.Qxf5+ Kc6 17.Nd2 Nxd2 18.Bxd2 Bd6 19.c4 bxc4 20.a4 Rb8 21.b5+ axb5 22.axb5+ Rxb5
23.Ra6+ Rb6 24.Ra5 Bb4 25.Bxb4 Rxb4 26.Re6+ Kb7 27.Rxd5 Qa8 28.Ra5 Qxa5 29.Qxa5 Rb1+
30.Re1 Rxe1+ 31.Qxe1 Kc6 32.Qb4 Kd5 33.Qb5+  1-0

[Event "Lvov"]
[Site "Lvov"]
[Date "1988.??.??"]
[Round "?"]
[White "Kotronias, Vasilios"]
[Black "Dorfman, Josif D"]
[Result "1/2-1/2"]
[WhiteElo "2465"]
[BlackElo "2520"]

1.e4 e5 2.Nf3 Nc6 3.Bb5 a6 4.Ba4 Nf6 5.O-O b5 6.Bb3 Bb7 7.Re1 Bc5 8.c3 d6
9.d4 Bb6 10.a4 O-O 11.Bg5 h6 12.axb5 axb5 13.Rxa8 Bxa8 14.Bh4 exd4 15.cxd4 g5
16.Bg3 Re8 17.Nc3 Na5 18.e5 Nxb3 19.Qxb3 Bxf3 20.gxf3 Bxd4 21.e6 fxe6 22.Nxb5 Bb6
23.Rxe6 Rxe6 24.Qxe6+ Kg7 25.f4 Qe8 26.Qxe8 Nxe8 27.fxg5 hxg5 28.Kg2 Kg6
29.h4 gxh4 30.Bxh4 c6 31.Nc3 Bd4 32.Kf3 Kf5 33.Bg3 d5 34.Ke2 Ng7 35.Kd3 Ne6
36.f3 Bg7 37.b4 Nd4 38.Bb8 Nxf3 39.b5 Ne1+ 40.Kd2 Bxc3+ 41.Kxc3 cxb5 42.Ba7 Nf3
43.Kb4 d4 44.Kxb5 d3 45.Be3 Ke4 46.Bh6 Ne5 47.Kc5 Ng4 48.Bg5  1/2-1/2

[Event "MEX-ch"]
[Site "Mexico"]
[Date "1988.??.??"]
[Round "2"]
[White "Hernandez, Eduardo"]
[Black "Navarro, Roberto"]
[Result "0-1"]
[WhiteElo "2285"]
[BlackElo "2265"]

1.e4 e5 2.Nf3 Nc6 3.Bb5 a6 4.Ba4 Nf6 5.O-O b5 6.Bb3 Bb7 7.Re1 Bc5 8.c3 Bb6
9.a4 d6 10.d3 h6 11.axb5 axb5 12.Rxa8 Qxa8 13.Nh4 Ne7 14.Na3 c6 15.Be3 Bc7
16.Qf3 Bc8 17.d4 Bg4 18.Qg3 g5 19.dxe5 dxe5 20.h3 Bh5 21.Bc5 Qd8 22.Bxe7 Qxe7
23.Nf5 Qc5 24.h4 Bg4 25.Nc2 Bxf5 26.exf5 g4 27.Nb4 Qb6 28.Rxe5+ Kf8 29.Qe3 g3
30.Rc5 gxf2+ 31.Kf1 Bd6 32.Re5 Qxe3 33.Rxe3 Bc5 34.Rd3 Ng4 35.Rh3 Kg7 36.Nd3 Ra8
37.f6+ Kh8 38.Nxf2 Nxf2 39.Rg3 Ne4 40.Rg7 Nxf6 41.Rxf7 Rf8  0-1

[Event "Paris-ch"]
[Site "Paris"]
[Date "1988.??.??"]
[Round "?"]
[White "Ladisic, Alex Sacha"]
[Black "Valenti, Giuseppe"]
[Result "1/2-1/2"]
[WhiteElo "2315"]
[BlackElo "2245"]

1.e4 e5 2.Nf3 Nc6 3.Bb5 a6 4.Ba4 Nf6 5.O-O b5 6.Bb3 Bb7 7.Re1 Bc5 8.c3 d6
9.d4 Bb6 10.a4 h6 11.axb5 axb5 12.Rxa8 Qxa8 13.Na3 O-O 14.Nxb5 Na5 15.Bc2 exd4
16.cxd4 Bxe4 17.Bxe4 Nxe4 18.Qd3 Nf6 19.Bd2 Nc6 20.h3 Re8 21.Rc1 Qb7 22.Nc3 Nb4
23.Qf5 Nbd5 24.Qd3 Nb4  1/2-1/2

[Event "Paris-ch"]
[Site "Paris"]
[Date "1988.??.??"]
[Round "9"]
[White "Boudre, Jean Pierre"]
[Black "Perovic, Dragan"]
[Result "1-0"]
[WhiteElo "2320"]
[BlackElo "2330"]

1.e4 e5 2.Nf3 Nc6 3.Bb5 a6 4.Ba4 Nf6 5.O-O b5 6.Bb3 Bb7 7.Re1 Bc5 8.c3 d6
9.d4 Bb6 10.Bg5 h6 11.Bh4 Qe7 12.a4 g5 13.Bg3 h5 14.h4 g4 15.Ng5 Nd8 16.axb5 axb5
17.Rxa8 Bxa8 18.Na3 Nd7 19.d5 f6 20.Ne6 Nxe6 21.dxe6 Nc5 22.Bd5 c6 23.Ba2 Nxe6
24.Nc2 Ng7 25.Qd3 Rf8 26.Ne3 Bxe3 27.Qxe3 f5 28.exf5 Nxf5 29.Qb6 Nxg3 30.fxg3 Qb7
31.Qe3 c5 32.Re2 Qh7 33.Qd2 Qg6 34.Bd5 Ke7 35.b4 c4 36.Kh2 Bxd5 37.Qxd5 Qe8
38.Ra2 Qd7 39.Ra6 Rb8 40.Qe4 Kd8 41.Qg6 Kc7 42.Qxh5 Kb7 43.Ra5 Rc8 44.Qg5 Kc6
45.Ra6+ Kb7 46.Ra1 Rf8 47.Ra5 Kc6 48.Qe3 Kd5 49.Ra6 Ke6 50.Ra7 Qe8 51.Qg5 Rg8
52.Re7+ Qxe7 53.Qxg8+ Kf5 54.Qb8 e4 55.Qxb5+ Kg6 56.Qxc4 e3 57.Qxg4+ Kh6
58.Kg1 Qe8 59.Qg5+ Kh7 60.Kf1 Qf7+ 61.Qf4  1-0

[Event "Saint John op-2"]
[Site "Saint John"]
[Date "1988.??.??"]
[Round "?"]
[White "Kuczynski, Robert"]
[Black "Polaczek, Richard"]
[Result "0-1"]
[WhiteElo "2485"]
[BlackElo "2280"]

1.e4 e5 2.Nf3 Nc6 3.Bb5 a6 4.Ba4 Nf6 5.O-O b5 6.Bb3 Bb7 7.Re1 Bc5 8.c3 d6
9.d4 Bb6 10.Be3 O-O 11.Nbd2 h6 12.h3 Qd7 13.Bc2 Rae8 14.d5 Ne7 15.Bxb6 cxb6
16.Bd3 Ng6 17.a4 Nf4 18.Bf1 bxa4 19.Qxa4 b5 20.Qb4 Rb8 21.c4 bxc4 22.Qxc4 Ne8
23.Qa4 Qxa4 24.Rxa4 f5 25.Rb4 Nf6 26.g3 Ng6 27.exf5 Ne7 28.Rb6 Bxd5 29.Rxb8 Rxb8
30.Rb1 Rb4 31.g4 h5 32.g5 Ne4 33.b3 Nxf5 34.Rc1 Nc5 35.Bc4 Bxc4 36.Rxc4 Rxc4
37.bxc4 Kf7 38.Nb1 e4 39.Nfd2 Ke6 40.Nc3 Ke5 41.Kf1 Kd4 42.Ne2+ Kd3 43.Ke1 Kc2
44.Nf4 Nd3+ 45.Nxd3 exd3 46.f3 Ne3  0-1

[Event "URS-FL56"]
[Site "Simferopol"]
[Date "1988.??.??"]
[Round "?"]
[White "Romanishin, Oleg M"]
[Black "Malaniuk, Vladimir P"]
[Result "1/2-1/2"]
[WhiteElo "2550"]
[BlackElo "2520"]

1.e4 e5 2.Nf3 Nc6 3.Bb5 a6 4.Ba4 Nf6 5.O-O b5 6.Bb3 Bb7 7.d3 Bc5 8.a4 O-O
9.Nc3 b4 10.Ne2 Na5 11.Ba2 h6 12.Ng3 Re8 13.Nh4 Bf8 14.Nhf5 d5 15.Qf3 b3
16.cxb3 Nc6 17.Bd2 Rb8 18.b4 Nxb4 19.Bxb4 Bxb4 20.exd5 Bxd5 21.Ne4 Nxe4 22.dxe4 Bxa2
23.Rxa2 Bc5 24.b3 Bd4 25.Rd2 c5 26.Rd3 Re6 27.Qe2 Kh7 28.Rf3 Rb7 29.g3  1/2-1/2

[Event "Val Maubuee op"]
[Site "Val Maubuee"]
[Date "1988.??.??"]
[Round "?"]
[White "Patrat, Alexandre"]
[Black "Polaczek, Richard"]
[Result "0-1"]
[WhiteElo "2210"]
[BlackElo "2280"]

1.e4 e5 2.Nf3 Nc6 3.Bb5 a6 4.Ba4 Nf6 5.O-O b5 6.Bb3 Bb7 7.d3 Bc5 8.a4 O-O
9.Bg5 h6 10.axb5 axb5 11.Rxa8 Bxa8 12.Bxf6 Qxf6 13.Nc3 Na5 14.Ba2 b4 15.Ne2 Nc6
16.c3 bxc3 17.bxc3 Bb6 18.Nd2 Na5 19.Ng3 g6 20.Qg4 Bc6 21.Nf5 Kh7 22.Ne3 Qd6
23.Qe2 Qa3 24.Nb1 Qe7 25.Nd2 Qa3 26.Nb1 Qc5 27.Rc1 Qe7 28.Rf1 f5 29.exf5 gxf5
30.Nd5 Qg7 31.Nd2 Bxd5 32.Bxd5 c6 33.Ba2 d5 34.c4 d4 35.Re1 Bc7 36.Nf3 Re8
37.Nxd4 Rg8 38.Qf3  0-1

[Event "FRA-ch"]
[Site "Val Thorens"]
[Date "1988.??.??"]
[Round "7"]
[White "Hauchard, Arnaud"]
[Black "Sharif, Mershad"]
[Result "1/2-1/2"]
[WhiteElo "2130"]
[BlackElo "2445"]

1.e4 e5 2.Nf3 Nc6 3.Bb5 a6 4.Ba4 Nf6 5.O-O b5 6.Bb3 Bb7 7.Qe2 Bc5 8.c3 O-O
9.d3 Re8 10.Bg5 h6 11.Bh4 Be7 12.Nbd2 d6 13.Rfe1 Nd7 14.Bg3 Bf6 15.Nf1 Ne7
16.Ne3 Nc5 17.Bc2 Ng6 18.Qd2 h5 19.h3 c6 20.Rad1 d5 21.exd5 cxd5 22.d4 exd4
23.Nxd4 Ne4 24.Bxe4 Rxe4  1/2-1/2

[Event "Alicante op2"]
[Site "Alicante"]
[Date "1989.??.??"]
[Round "?"]
[White "Rodriguez Talavera, Juan Carlos"]
[Black "San Claudio, Francisco Javier"]
[Result "0-1"]
[WhiteElo "2395"]
[BlackElo "2215"]

1.e4 e5 2.Nf3 Nc6 3.Bb5 a6 4.Ba4 Nf6 5.O-O b5 6.Bb3 Bb7 7.Re1 Bc5 8.c3 Bb6
9.d4 d6 10.Qd3 Qd7 11.a4 O-O 12.Bg5 Na5 13.Bc2 Qg4 14.Bxf6 gxf6 15.Nbd2 Kh8
16.h3 Qh5 17.Nf1 f5 18.exf5 e4 19.Ng3 Qxf3  0-1

[Event "Alma-Ata"]
[Site "Alma-Ata"]
[Date "1989.??.??"]
[Round "1"]
[White "Ilincic, Zlatko"]
[Black "Malaniuk, Vladimir P"]
[Result "1/2-1/2"]
[WhiteElo "2430"]
[BlackElo "2520"]

1.e4 e5 2.Nf3 Nc6 3.Bb5 a6 4.Ba4 Nf6 5.O-O b5 6.Bb3 Bb7 7.Re1 Bc5 8.c3 d6
9.d4 Bb6 10.Bg5 h6 11.Bh4 Qd7 12.a4 O-O-O 13.axb5 axb5 14.Na3 g5 15.Bg3 h5
16.h4 gxh4 17.Bxh4 Rh6 18.dxe5 Nxe5 19.Nxe5 dxe5 20.Qxd7+ Rxd7 21.Rad1 Nxe4
22.Rxd7 Kxd7 23.Rd1+ Nd6 24.Bxf7 Kc8 25.Be8 Rh8 26.Bxb5 Rg8 27.Bf1 Nf5 28.Bf6 Ng3
29.Bc4 Rf8 30.Be6+ Kb8 31.Rd8+ Rxd8 32.Bxd8 Ne2+ 33.Kf1 Nf4 34.Bh3 Ba6+ 35.c4 Nd3
36.b3 Nxf2 37.Bf5 Ng4 38.Bxg4 hxg4 39.Bf6 Bd4 40.Nc2 Bb2 41.Nb4 Bb7 42.Nd3 Bd4
43.Bxe5 Be4 44.Nf2 Bxf2 45.Kxf2  1/2-1/2

[Event "FRG-ch"]
[Site "Bad Neuenahr"]
[Date "1989.??.??"]
[Round "?"]
[White "Lau, Ralf"]
[Black "Klebel, Martin"]
[Result "1/2-1/2"]
[WhiteElo "2475"]
[BlackElo "2350"]

1.e4 e5 2.Nf3 Nc6 3.Bb5 a6 4.Ba4 Nf6 5.O-O b5 6.Bb3 Bb7 7.Re1 Bc5 8.c3 d6
9.d4 Bb6 10.a4 h6 11.d5 Ne7 12.axb5 axb5 13.Rxa8 Bxa8 14.Be3 Bxe3 15.Rxe3 O-O
16.Na3 Qd7 17.Qd3 c6 18.dxc6 Bxc6 19.Nc2 Ng6 20.g3 Qg4  1/2-1/2

[Event "Belgrade op"]
[Site "Belgrade"]
[Date "1989.??.??"]
[Round "2"]
[White "Marinkovic, Slavisa"]
[Black "Pantos, Nenad"]
[Result "1-0"]
[WhiteElo "2320"]
[BlackElo "2270"]

1.e4 e5 2.Nf3 Nc6 3.Bb5 a6 4.Ba4 Nf6 5.O-O b5 6.Bb3 Bb7 7.c3 Nxe4 8.d4 exd4
9.Re1 d5 10.Ng5 Ne5 11.cxd4 Nc4 12.f3 Be7 13.Bxc4 Nxg5 14.Bxg5 f6 15.Bd2 dxc4
16.Bb4  1-0

[Event "Belgrade op"]
[Site "Belgrade"]
[Date "1989.??.??"]
[Round "5"]
[White "Bujisic, Vlastimir"]
[Black "Pantos, Nenad"]
[Result "0-1"]
[WhiteElo "2225"]
[BlackElo "2270"]

1.e4 e5 2.Nf3 Nc6 3.Bb5 a6 4.Ba4 Nf6 5.O-O b5 6.Bb3 Bb7 7.c3 Nxe4 8.Re1 d5
9.d3 Nc5 10.Nxe5 Nxe5 11.Rxe5+ Ne6 12.d4 Bd6 13.Rh5 O-O 14.Bc2 g6 15.Rh3 Re8
16.Bh6 Nf4 17.Bxf4 Bxf4 18.Rf3 Qg5 19.g3 Bc1 20.a4 Bc8 21.h4 Qh6 22.Rf6 Be6
23.Ra2 Kg7 24.Qf3 Qh5 25.Qxh5 gxh5 26.Rf3 Bg4 27.Rd3 Be2 28.Na3 c6 29.Bb1 bxa4
30.c4 Bxd3 31.Bxd3 Rab8 32.cxd5 cxd5 33.Nc2 Rb3 34.Bf5 Re2 35.Kf1 Rd2 36.Rxa4 Rf3  0-1

[Event "Belgrade op"]
[Site "Belgrade"]
[Date "1989.??.??"]
[Round "9"]
[White "Petronic, Jovan"]
[Black "Pantos, Nenad"]
[Result "1-0"]
[WhiteElo "2365"]
[BlackElo "2270"]

1.e4 e5 2.Nf3 Nc6 3.Bb5 a6 4.Ba4 Nf6 5.O-O b5 6.Bb3 Bb7 7.c3 Nxe4 8.d4 Be7
9.Qe2 d5 10.dxe5 O-O 11.Rd1 Na5 12.Bc2 Qc8 13.Nbd2 Qf5 14.Re1 Nc4 15.Nxe4 dxe4
16.Bxe4 Bxe4 17.Qxe4 Qxe4 18.Rxe4 Rad8 19.Re1 Rd5 20.b3 Na3 21.Bxa3 Bxa3
22.Rad1 Rfd8 23.Rxd5 Rxd5 24.Kf1 Rd3 25.Re3 Rd1+ 26.Re1 Rd3 27.Re3 Rd1+ 28.Ne1 Bb2
29.c4 Ra1 30.g3 bxc4 31.bxc4 Rxa2 32.Re2 a5 33.Nd3 Ra1+ 34.Kg2 Bc3 35.Rc2 Ra3
36.Kf3 Bxe5 37.Ke4 Bf6 38.Nc5 c6 39.Nd7 Bd8 40.Rb2 f5+ 41.Kxf5 Bc7 42.Rb7 Bd6
43.Ke6  1-0

[Event "Spring op"]
[Site "Budapest"]
[Date "1989.??.??"]
[Round "?"]
[White "Ulibin, Mikhail"]
[Black "Malaniuk, Vladimir P"]
[Result "1/2-1/2"]
[WhiteElo "2445"]
[BlackElo "2520"]

1.e4 e5 2.Nf3 Nc6 3.Bb5 a6 4.Ba4 Nf6 5.O-O b5 6.Bb3 Bb7 7.c3 Nxe4 8.d4 Na5
9.Bc2 exd4 10.b4 Nc4 11.Bxe4 Bxe4 12.Re1 d5 13.Qxd4 Be7 14.Qxg7 Bf6 15.Qh6 Rg8
16.a4 Kd7 17.Qf4 Qe7 18.Nbd2 Nxd2 19.Bxd2 Qe6 20.g3 Rg4 21.Qe3 Qf5 22.Nd4 Bxd4
23.cxd4 Rag8 24.Qc3 R4g6 25.axb5 Rf6 26.f3 Qxf3 27.Qxf3 Rxf3 28.bxa6 Rd3
29.Be3 Rb3 30.a7 Ra8 31.Ra4 Rc3 32.Kf2 Rc2+ 33.Re2 Rc4 34.Rb2 Kc8 35.g4 Kb7
36.Rd2 Rc2  1/2-1/2

[Event "Cannes op"]
[Site "Cannes"]
[Date "1989.??.??"]
[Round "?"]
[White "Payen, Arnaud"]
[Black "San Marco, Bruno"]
[Result "1-0"]
[WhiteElo "2240"]
[BlackElo "2330"]

1.e4 Nc6 2.Nf3 e5 3.Bb5 a6 4.Ba4 Nf6 5.O-O b5 6.Bb3 Bb7 7.d3 Be7 8.Nc3 d6
9.a4 b4 10.Ne2 O-O 11.Ng3 Na5 12.Ba2 c5 13.Nf5 Rb8 14.Bg5 c4 15.N3h4 d5 16.f4 h6
17.Nxe7+ Qxe7 18.Nf5 Qd8 19.Bh4 exf4 20.Rxf4 Qb6+ 21.Kh1 Nh7 22.Qg4 g5 23.Ne7+ Kh8
24.Bf2 Qc7 25.Bd4+ f6 26.Ng6+ Kg7 27.Nxf8 Rxf8 28.Rff1 b3 29.cxb3 dxe4 30.dxc4 Qc8
31.Qg3 Kg6 32.Rad1 f5 33.Qe5  1-0

[Event "Cannes op"]
[Site "Cannes"]
[Date "1989.??.??"]
[Round "?"]
[White "Payen, Arnaud"]
[Black "Polaczek, Richard"]
[Result "0-1"]
[WhiteElo "2240"]
[BlackElo "2375"]

1.e4 e5 2.Nf3 Nc6 3.Bb5 a6 4.Ba4 Nf6 5.O-O b5 6.Bb3 Bb7 7.d3 d6 8.Ng5 d5
9.exd5 Nd4 10.c4 Be7 11.Nf3 Nxb3 12.axb3 Qd6 13.Nc3 Nd7 14.Re1 O-O 15.Bg5 Bxg5
16.Nxg5 Qg6 17.Nf3 Rae8 18.b4 c6 19.dxc6 Qxc6 20.c5 f5 21.d4 exd4 22.Qxd4 h6
23.Rad1 Nf6 24.Qd6 Qxd6 25.cxd6 Bxf3 26.gxf3 Rxe1+ 27.Rxe1 Rd8 28.Re5 Rxd6
29.Rxf5 Rd4 30.Rc5 Rxb4 31.Rc6 a5 32.Rc5 Rxb2 33.Nxb5 a4 34.Nc3 a3 35.Ra5 Rb3
36.Ne4 Nd7 37.Kg2 Nb6 38.Nc5 Rc3 39.Ne4 Rd3 40.Kg3 Nc4 41.Ra8+ Kh7 42.Kf4 Rd5
43.Ra4 Ra5 44.Rxa5 Nxa5 45.Nc3 Nc6 46.Na2 Kg6 47.h4 Kh5 48.Kg3 Nd4  0-1

[Event "Capablanca mem"]
[Site "Cienfuegos"]
[Date "1989.??.??"]
[Round "9"]
[White "Antunes, Antonio"]
[Black "Lugo, Blas"]
[Result "1-0"]
[WhiteElo "2445"]
[BlackElo "2340"]

1.e4 e5 2.Nf3 Nc6 3.Bb5 a6 4.Ba4 Nf6 5.O-O b5 6.Bb3 Bb7 7.d4 Nxd4 8.Nxd4 exd4
9.e5 Ne4 10.c3 d3 11.Qf3 Qe7 12.Nd2 O-O-O 13.Nxe4 Qxe5 14.Re1 f5 15.Qg3 Qe8
16.Nd6+ Bxd6 17.Rxe8 Rhxe8 18.Bf4 d2 19.Rf1 Re1 20.Bxd6 Rde8 21.f3 Bd5 22.Bf4 Bc4
23.Bxc4 d1=Q 24.Bd3 Rxf1+ 25.Bxf1 Re2 26.a4 bxa4 27.Qxg7 Rxb2 28.Qg8+ Kb7
29.Qc4 d6 30.Qxa6+ Kb8 31.Be3 c5 32.Bf4 Kc7 33.h3 Rb6 34.Qa7+ Kc6 35.Qa8+ Kc7
36.Qa7+ Rb7 37.Qa5+ Kd7 38.Qa6 Rb1 39.Kh2 Qxf1 40.Qxd6+ Ke8 41.Qe5+ Kd7 42.Qd5+ Ke8
43.Qc6+ Kf7 44.Qd7+ Kf6 45.Qd8+ Kf7 46.Qc7+ Ke8 47.Qc8+ Kf7 48.Qxf5+ Ke8
49.Qe6+ Kd8 50.Qd5+ Ke8 51.Qc6+ Kf7 52.Qd7+ Kf6 53.Qd6+ Kf7 54.Qd5+ Ke8 55.Qg8+ Kd7
56.Qf7+ Kc6 57.c4 Qg1+ 58.Kg3 Qe1+ 59.Kg4 Kb6 60.Qc7+ Ka6 61.Qc6+ Ka5 62.Qxc5+ Ka6
63.Be3 h5+ 64.Kf4 Qh4+ 65.Kf5 Kb7 66.Qd5+ Kc8 67.Qc6+ Kb8 68.Bf4+ Ka7 69.Qxa4+ Kb7
70.Qd7+ Ka6 71.Qc8+ Rb7 72.Qc6+ Ka7 73.Qa4+  1-0

[Event "Dortmund-B"]
[Site "Dortmund"]
[Date "1989.??.??"]
[Round "?"]
[White "Klinger, Josef"]
[Black "Mainka, Romuald"]
[Result "1/2-1/2"]
[WhiteElo "2475"]
[BlackElo "2410"]

1.e4 e5 2.Nf3 Nc6 3.Bb5 a6 4.Ba4 Nf6 5.O-O b5 6.Bb3 Bb7 7.c3 Nxe4 8.d4 Na5
9.Bc2 exd4 10.b4 Nc4 11.Bxe4 Bxe4 12.Re1 d5 13.Nxd4 Bd6 14.f3 Qh4 15.h3 Qg3
16.Nf5 Qh2+ 17.Kf2 O-O-O 18.fxe4 dxe4 19.Qg4 Kb8 20.Qxe4 Rhe8 21.Qxe8 Rxe8
22.Rxe8+ Kb7 23.Re4 g6 24.Nxd6+ Nxd6 25.Nd2 Nxe4+ 26.Nxe4 Qe5 27.Nc5+ Kc6
28.Be3 Qxc3 29.Rc1 Qb2+ 30.Kg1 Qxa2 31.Nxa6+ Kd7 32.Rxc7+ Kd6 33.Bc5+ Kd5
34.Rd7+ Kc4 35.Rd4+ Kb3 36.Nc7 Qe2 37.Rf4 f5 38.Rf3+ Kc4 39.Rf4+ Kb3 40.Na8 Qe5
41.Rf3+ Kc2 42.Nb6 g5 43.Nc8 g4 44.Rf2+ Kd3 45.Nd6 gxh3 46.Rxf5 Qe1+ 47.Kh2 hxg2
48.Rf3+ Kd2 49.Kxg2 Qe6 50.Nxb5 Qg4+ 51.Kf2 Qh4+ 52.Rg3 Qf4+ 53.Kg2 Qe4+
54.Kg1 Qe1+ 55.Kh2 Qe4 56.Nd4 h5 57.b5 h4 58.Bb4+ Kc1 59.Rg1+ Kb2 60.Rg2+ Kb1
61.Bc3 Qf4+ 62.Kh1 Qe4 63.Nb3 Qd5 64.Nd2+ Kc1 65.Kh2 Qd6+  1/2-1/2

[Event "Dortmund-B"]
[Site "Dortmund"]
[Date "1989.??.??"]
[Round "?"]
[White "Sznapik, Aleksander"]
[Black "Mainka, Romuald"]
[Result "1/2-1/2"]
[WhiteElo "2455"]
[BlackElo "2410"]

1.e4 e5 2.Nf3 Nc6 3.Bb5 a6 4.Ba4 Nf6 5.O-O b5 6.Bb3 Bb7 7.Re1 Bc5 8.c3 d6
9.d4 Bb6 10.a4 h6 11.axb5 axb5 12.Rxa8 Qxa8 13.Na3 O-O 14.Nxb5 exd4 15.cxd4 Na5
16.Bc2 Nxe4 17.Nc3 Nf6 18.Qd3 Re8 19.Rxe8+ Qxe8 20.Be3 Qa8 21.Nh4 Nc6 22.Qd1 Nb4
23.Bb1 Kf8 24.Qb3 Nbd5 25.Ba2 Qe8 26.Nd1 Bc6 27.Qc4 Bb5 28.Qc1 Bxd4 29.Nf5 Bxe3
30.Ndxe3 Nxe3 31.Nxe3 Qc6 32.Qd1 Qc5 33.h3 c6 34.Bb1 g6 35.Qd2 Kg7 36.g3 Qe5
37.f4 Qe7 38.Kf2 Qa7 39.Qc3 Qe7 40.g4 Kg8 41.Qd2 d5 42.Qd4 Nd7 43.b4 Qf6
44.Qxf6 Nxf6 45.g5 hxg5 46.fxg5 Nd7 47.Ng4 Kf8 48.Ke3 Ke7 49.h4 Ke6 50.Bc2 Ne5
51.Nf6 Bf1 52.h5 gxh5 53.Nxh5 Ng6 54.Kd4 Bb5 55.Ng7+ Kd6 56.Nf5+ Kd7 57.Nh6 Ke6
58.Bf5+ Ke7 59.Ng8+ Kd6 60.Nf6 Nf4 61.Ke3 Ke5 62.Bd7 d4+ 63.Kd2 Ne6 64.Ng4+ Kd6
65.Bxe6 Kxe6 66.Nh6 Bc4 67.Ng8 Kd6 68.Kc2 Ke5 69.Ne7 Bd5 70.Kd2 Be4 71.Nc8 Bg6
72.Nb6 Ke4 73.Nc4 Kf4 74.Na5 Be4 75.Nb3 d3 76.Nc5 Bf5 77.Nb3 Bg6 78.Nd4 Be4
79.b5 c5 80.Nb3 c4 81.Na5  1/2-1/2

[Event "ESP-ch"]
[Site "ESP"]
[Date "1989.??.??"]
[Round "6"]
[White "Sanz Alonso, Francisco Javier"]
[Black "Garcia Fernandez, Carlos"]
[Result "1/2-1/2"]
[WhiteElo "2420"]
[BlackElo "2305"]

1.e4 e5 2.Nf3 Nc6 3.Bb5 a6 4.Ba4 Nf6 5.O-O b5 6.Bb3 Bb7 7.Re1 Bc5 8.c3 d6
9.a4 h6 10.d4 Bb6 11.axb5 axb5 12.Rxa8 Qxa8 13.Na3 O-O 14.d5 Na5 15.Bc2 c6
16.Nh4 cxd5 17.exd5 Bxd5 18.Nxb5 Qc6 19.Na3 Be4 20.Nf5 Bxf5 21.Bxf5 e4 22.Qe2 Nb3
23.Qc4  1/2-1/2

[Event "Dreszer op"]
[Site "Gdynia"]
[Date "1989.??.??"]
[Round "8"]
[White "Sobura, Henryk"]
[Black "Pioch, Zygmunt"]
[Result "1-0"]
[WhiteElo "2325"]
[BlackElo "2255"]

1.e4 e5 2.Nf3 Nc6 3.Bb5 a6 4.Ba4 Nf6 5.O-O b5 6.Bb3 Bb7 7.Re1 Bc5 8.c3 d6
9.d4 Bb6 10.Be3 O-O 11.Nbd2 h6 12.h3 exd4 13.cxd4 Nb4 14.Qb1 c5 15.a3 Nc6
16.d5 Ne5 17.Nxe5 dxe5 18.Qd1 c4 19.Bc2 Re8 20.b3 cxb3 21.Nxb3 Rb8 22.Qd2 Nd7
23.Bd3 Nc5 24.Nxc5 Bxc5 25.a4 Bxe3 26.Rxe3 bxa4 27.Rxa4 Qd6 28.Be2 Rec8 29.Rea3 Rc6
30.Qb2 Rb6 31.Rb3 Rxb3 32.Qxb3 Qd7 33.Rb4 Qc7 34.Bg4 Qc1+ 35.Kh2 Qc7 36.d6 Qc6
37.f3  1-0

[Event "URS-sf Ukraine-ch"]
[Site "Kherson"]
[Date "1989.??.??"]
[Round "?"]
[White "Gurevich, Vladimir"]
[Black "Kuzmin, Gennadi P"]
[Result "0-1"]
[WhiteElo "2395"]
[BlackElo "2495"]

1.e4 e5 2.Nf3 Nc6 3.Bb5 a6 4.Ba4 Nf6 5.O-O b5 6.Bb3 Bb7 7.c3 Be7 8.d4 d6
9.Re1 O-O 10.Nbd2 exd4 11.cxd4 Nb4 12.Nf1 a5 13.Ng3 a4 14.Bc2 Nxc2 15.Qxc2 d5
16.e5 Ne4 17.Be3 Qd7 18.Rec1 Rfc8 19.Qd1 a3 20.b3 b4 21.Ne1 Nc3 22.Qd2 Ba6
23.Nd3 Rd8 24.Rc2 g6 25.Re1 Re8 26.Nc5 Bxc5 27.dxc5 Rxe5 28.Qd4 Rae8 29.Qxb4 d4
30.Rd2 Rd5 31.Rxd4 Rxd4 32.Qxc3 Rd1 33.h3 Qd3  0-1

[Event "Haringey"]
[Site "London"]
[Date "1989.??.??"]
[Round "?"]
[White "Watson, William N"]
[Black "Polaczek, Richard"]
[Result "1/2-1/2"]
[WhiteElo "2495"]
[BlackElo "2400"]

1.e4 e5 2.Nf3 Nc6 3.Bb5 a6 4.Ba4 Nf6 5.O-O b5 6.Bb3 Bb7 7.Re1 Bc5 8.c3 d6
9.d4 Bb6 10.a4 h6 11.Nh4 Ne7 12.Qd3 Qd7 13.h3 O-O-O 14.axb5 axb5 15.Na3 g5
16.Nf5 Nxf5 17.exf5 Qc6 18.f3 exd4 19.Nxb5 dxc3+ 20.Be3 Bxe3+ 21.Rxe3 Qc5
22.bxc3 Rhe8 23.Nd4 Nd5 24.Bxd5 Qxd5 25.Rb1 Re5 26.Re2 Rde8 27.Rb5 Ba6 28.Rxe5 dxe5
29.Rxd5  1/2-1/2

[Event "Moscow1"]
[Site "Moscow"]
[Date "1989.??.??"]
[Round "?"]
[White "Bokan, Danko"]
[Black "Gola, Martin"]
[Result "0-1"]
[WhiteElo "2255"]
[BlackElo "2375"]

1.e4 e5 2.Nf3 Nc6 3.Bb5 a6 4.Ba4 Nf6 5.O-O b5 6.Bb3 Bb7 7.Re1 Bc5 8.c3 d6
9.d4 Bb6 10.Nh4 Ne7 11.Qf3 Qd7 12.Nd2 O-O-O 13.Nf5 Nxf5 14.Qxf5 Qxf5 15.exf5 exd4
16.Bxf7 Ng4 17.cxd4 Bxd4 18.Re2 Ba7 19.Nf1 Rhf8 20.Be6+ Kb8 21.h3 Ne5 22.Be3 Nd3
23.Bxa7+ Kxa7 24.g3 Rde8 25.f4 Rxf5 26.Re3 Rf6 27.f5 Nxb2 28.Nd2 Rxf5 29.Rae1 Rf6
30.Nb3 Ref8 31.Na5 Ba8 32.Bd7 Kb6  0-1

[Event "New York Manhattan"]
[Site "New York"]
[Date "1989.??.??"]
[Round "?"]
[White "Young, Ronald"]
[Black "Brooks, Michael A"]
[Result "1-0"]
[WhiteElo "2285"]
[BlackElo "2385"]

1.e4 e5 2.Nf3 Nc6 3.Bb5 a6 4.Ba4 Nf6 5.O-O b5 6.Bb3 Bb7 7.Re1 Bc5 8.c3 Bb6
9.d4 d6 10.Bg5 h6 11.Bh4 Qe7 12.a4 g5 13.Bg3 O-O 14.Na3 Kg7 15.axb5 axb5
16.Nxb5 Rxa1 17.Qxa1 Nh5 18.Bd5 Nxg3 19.hxg3 Qf6 20.Qd1 Kh8 21.Na3 g4 22.Nh2 h5
23.Nc4 exd4 24.Nxb6 cxb6 25.cxd4 Rb8 26.Qa4 b5 27.Qxb5 Ba8 28.Qa6 Rxb2 29.Qxa8+ Kg7
30.Rf1 Nxd4 31.Bc4 Rc2 32.Qd5 Kg6 33.e5 dxe5 34.Bd3+ Kg7 35.Bxc2  1-0

[Event "Oberursel"]
[Site "Oberursel"]
[Date "1989.??.??"]
[Round "3"]
[White "Carton, Patrick"]
[Black "Bode, Ulf"]
[Result "1/2-1/2"]
[WhiteElo "2250"]
[BlackElo "2280"]

1.e4 e5 2.Nf3 Nc6 3.Bb5 a6 4.Ba4 Nf6 5.O-O b5 6.Bb3 Bb7 7.c3 Nxe4 8.Qe2 d5
9.a4 Nc5 10.axb5 axb5 11.Rxa8 Bxa8 12.Nxe5 Nxe5 13.Qxe5+ Ne6 14.d4  1/2-1/2